Southville International School and Colleges
Your cart is empty.
  • Cart
  • Lists
    Public lists Eva Luna New books Lux_list list_1
    Your lists Log in to create your own lists
  • Log in to your account
  • Your cookies
  • Search history
Southville International School and Colleges
  • Advanced search
  • Recent comments
  • Most popular
  • Libraries

Log in to your account

Log in with GOOGLE


If you do not have an external account, but do have a local account, you can still log in:

  1. Home
  2. MARC view: Modern business administration /
Normal view MARC view ISBD view

Modern business administration / (Record no. 14609)

[ view plain ]
MARC details
000 -LEADER
fixed length control field 00573nam a2200193 a 4500
003 - CONTROL NUMBER IDENTIFIER
control field PILC
005 - DATE AND TIME OF LATEST TRANSACTION
control field 20150112093437.0
008 - FIXED-LENGTH DATA ELEMENTS--GENERAL INFORMATION
fixed length control field 100721s19uu xx 00 eng d
020 ## - INTERNATIONAL STANDARD BOOK NUMBER
International Standard Book Number 0273602829
050 ## - LIBRARY OF CONGRESS CALL NUMBER
Classification number HF 5500
Item number .Ap648 1994
082 ## - DEWEY DECIMAL CLASSIFICATION NUMBER
Classification number MnSF 658
Item number Ap5 1994
100 ## - MAIN ENTRY--PERSONAL NAME
Personal name Appleby, Robert C.
9 (RLIN) 16589
245 ## - TITLE STATEMENT
Title Modern business administration /
250 ## - EDITION STATEMENT
Edition statement 6th ed.
260 ## - PUBLICATION, DISTRIBUTION, ETC. (IMPRINT)
Place of publication, distribution, etc Lon Acre, London :
Name of publisher, distributor, etc Financial Times Managment,
Date of publication, distribution, etc 1994.
300 ## - PHYSICAL DESCRIPTION
Extent 500 pages :
Other physical details colored illustration ;
Dimensions 27 cm.
650 ## - SUBJECT ADDED ENTRY--TOPICAL TERM
Topical term or geographic name as entry element Business firm - Management
9 (RLIN) 16590
942 ## - ADDED ENTRY ELEMENTS (KOHA)
Source of classification or shelving scheme Library of Congress Classification
Koha item type Books
Holdings
Withdrawn status Lost status Source of classification or shelving scheme Damaged status Home library Current library Shelving location Date acquired Total Checkouts Full call number Barcode Date last seen Copy number Price effective from Koha item type
    Library of Congress Classification   Southville International School Affiliated with Foreign Universities Library Southville International School Affiliated with Foreign Universities Library Southville Foreign University Section 09/05/2013   HF 5500 .Ap648 1994 SFU1016 05/15/2018 1 09/05/2013 Books
    Library of Congress Classification   Southville International School Affiliated with Foreign Universities Library Southville International School Affiliated with Foreign Universities Library Southville Foreign University Section 09/05/2013   HF 5500 .Ap648 1994 SFU1017 05/15/2018 2 09/05/2013 Books

Modern business administration /

APA

Appleby R. C., . (1994). Modern business administration. Lon Acre, London: Financial Times Managment.

Chicago

Appleby Robert C, . 1994. Modern business administration. Lon Acre, London: Financial Times Managment.

Harvard

Appleby R. C., . (1994). Modern business administration. Lon Acre, London: Financial Times Managment.

MLA

Appleby Robert C, . Modern business administration. Lon Acre, London: Financial Times Managment. 1994.

  • Place hold
  • Print
  • Cite
  • Add to your cart (remove)
  • Save record
    BIBTEX Dublin Core MARCXML MARC (non-Unicode/MARC-8) MARC (Unicode/UTF-8) MARC (Unicode/UTF-8, Standard) MODS (XML) RIS
  • More searches
    Search for this title in:
    Other Libraries (WorldCat) Other Databases (Google Scholar) Online Stores (Bookfinder.com) Open Library (openlibrary.org)

Exporting to Dublin Core...

SOUTHVILLE LIBRARY

Southville International School and Colleges Library

1281 Tropical Ave. Cor. Luxembourg St., BF Homes International, Las Pinas City

Tel. No. 8256374 / 252358 Loc. 117/146

Powered by Koha